Vergleich von zwei Deutsch-Ungarischen Großwörterbüchern. Előd Halász Deutsch- Ungarisches Wörterbuch (1996) und Halász, Földes, Uzonyi: Deutsch- Ungarisches GroßWörterbuch (1998) /

Elmentve itt :
Bibliográfiai részletek
Szerző: Varga Krisztina
További közreműködők: Gyáfrás Edit (Témavezető)
Dokumentumtípus: Szakdolgozat
Megjelent: 2005
Tárgyszavak:
Online Access:http://diploma.bibl.u-szeged.hu/144589
LEADER 01042nta a2200217 i 4500
001 dipl144589
005 20250314095245.0
008 250314s2005 hu om 000 ger d
040 |a SZTE Diploma Repozitórium  |b hun 
041 |a ger 
100 1 |a Varga Krisztina 
245 1 0 |a Vergleich von zwei Deutsch-Ungarischen Großwörterbüchern. Előd Halász  |h [elektronikus dokumentum] :  |b Deutsch- Ungarisches Wörterbuch (1996) und Halász, Földes, Uzonyi: Deutsch- Ungarisches GroßWörterbuch (1998) /  |c Krisztina Varga 
260 |c 2005 
650 4 |a Bölcsészettudományok 
650 4 |a Humanities 
650 4 |a Languages and Literature 
650 4 |a Linguistics 
700 0 1 |a Gyáfrás Edit  |e ths 
856 4 0 |u https://diploma.bibl.u-szeged.hu/id/eprint/144589/1/2005_varga_krisztina.pdf  |z Dokumentum-elérés  
856 4 0 |u https://diploma.bibl.u-szeged.hu/id/eprint/144589/2/2005_varga_krisztina_biralat.pdf  |z Dokumentum-elérés  
856 4 0 |u https://diploma.bibl.u-szeged.hu/id/eprint/144589/3/2005_varga_krisztina_melleklet.zip  |z Dokumentum-elérés